000 00820nam a22002057a 4500
999 _c18761
_d18761
003 AR-CdUCM
008 190515b ||||| |||| 00| 0 spa d
040 _aMUNICIPALIDAD PROVINCIAL DEL CUSCO
_cBIBLIOTECA MUNICIPAL DEL CUSCO
082 _a575.01 /
_bD16
100 _aDarwin R, Carlos
_939544
245 _aOrigen de las especies :
_bPor medio de la selección natural ó observación de las razas en su lucha por la existencia /
260 _aValencia :
_bF. sempere y compañia,
_c1909.
300 _a242 páginas ;
_c19 cm.
505 _aContenido : De la imperfección del registro geológico -- Sucesión geológica de los seres orgánicos Distribución geográfica ...
650 _aRazas
_96935
650 _aOrigen
_915147
650 _aHumana
_919436
942 _2ddc
_cLIBROS
945 _arah
_d2019/05/15